| 000 | 01016nam a2200289 a 4500 | ||
|---|---|---|---|
| 999 |
_c7903 _d7903 |
||
| 001 | 7903 | ||
| 003 | BD-JhCC | ||
| 005 | 20180224111332.0 | ||
| 008 | 180215s1971 tnu 00000 eng d | ||
| 020 | _a0878700099 | ||
| 035 | _a(BD-JhCC)7903 | ||
| 035 | _a2540297 | ||
| 040 |
_aBD-JhCC _dBD-JhCC |
||
| 041 | _aeng | ||
| 050 | 0 | 0 |
_aLA228 _b.U5 |
| 082 | 0 |
_a378.73 _bUNI 1967 |
|
| 245 | 0 | 4 |
_aThe University in transition / _cEdited by Festus Justin Viser. |
| 260 |
_a[Memphis] _bMemphis State University Press, _c1971. |
||
| 300 |
_axii, 89 p. _c21 cm. |
||
| 490 | 1 | _aThe M. L. Seidman memorial town hall lecture series | |
| 505 | 0 | _aHigher education in America and its discontents, by C. Kerr.--Is the liberal university dead? By D. L. Hallett.--The university under attack, by S. I. Hayakawa. | |
| 650 | 0 |
_aUniversities and colleges _zUnited States. |
|
| 700 | 1 |
_aViser, Festus Justin, _d1920- |
|
| 830 | 0 | _aM. L. Seidman memorial town hall lecture series. | |
| 942 |
_2ddc _cBK |
||